[Event "FRA-chT4 0809"]
[Site "France "]
[Date "2009.02.08"]
[Round "5"]
[White "Rapinel, Franck"]
[Black "Szylar, Eric"]
[Result "1-0"]
[WhiteElo "2114"]
[BlackElo "2078"]
[PlyCount "45"]
[EventDate "2008.10.??"]
[EventType "team-tourn"]
[EventRounds "9"]
[EventCountry "FRA"]
[SourceTitle "EXT 2010"]
[Source "ChessBase"]
[SourceDate "2010.11.25"]
[SourceVersion "1"]
[SourceVersionDate "2010.11.25"]
[SourceQuality "1"]

1. Nf3 Nf6 2. c4 g6 3. Nc3 Bg7 4. e4 d6 5. d4 0-0 6. Be2 e5 7. Be3 Ng4 8. Bg5 f6 9. Bh4 Qe8 10. h3 Nh6 11. Qd2 c6 12. d5 c5 13. g4 f5 14. gxf5 gxf5 15. Rg1 Kh8 16. 0-0-0 f4 17. Nb5 Qd7 18. Ng5 a6 19. Ne6 axb5 20. Rxg7 Rf7 21. Bf6 Rxg7 22. Bxg7+ Kg8 23. Bxh6 1-0

[Event "FRA-chT2D 0506"]
[Site "France"]
[Date "2006.02.05"]
[Round "7.4"]
[White "Rapinel, Franck"]
[Black "Saatdjian, Thomas"]
[Result "1/2-1/2"]
[WhiteElo "2146"]
[BlackElo "2164"]
[PlyCount "95"]
[EventDate "2005.10.27"]
[EventType "team-tourn"]
[EventRounds "11"]
[EventCountry "FRA"]
[SourceTitle "EXT 2006"]
[Source "ChessBase"]
[SourceDate "2005.11.24"]
[SourceVersion "1"]
[SourceVersionDate "2005.11.24"]
[SourceQuality "1"]
[WhiteTeam "Chalon"]
[BlackTeam "Nancy"]
[WhiteTeamCountry "FRA"]
[BlackTeamCountry "FRA"]

1. e4 c5 2. Nf3 e6 3. d4 cxd4 4. Nxd4 a6 5. Nc3 Qc7 6. g3 Nf6 7. Bg2 Bb4 8. 0-0 Nc6 9. Nce2 Nxd4 10. Nxd4 0-0 11. Qe2 e5 12. Nb3 Be7 13. Be3 d6 14. c4 Be6 15. Rfc1 Rfc8 16. Nd2 Qb8 17. Rab1 b5 18. b3 Qb7 19. f3 Bd8 20. Bf1 Bb6 21. Qf2 Bxe3 22. Qxe3 Nd7 23. f4 f6 24. Rc2 b4 25. a4 Nc5 26. Bg2 a5 27. Nf1 Qc7 28. f5 Bf7 29. Rd1 Rd8 30. Rcd2 Rd7 31. g4 h6 32. Bf3 Qb6 33. Kg2 Kf8 34. Rb2 Rb8 35. Qd2 Na6 36. Ne3 Rc8 37. Nd5 Bxd5 38. Qxd5 Qc5 39. Qd3 Nb8 40. Qd5 Qxd5 41. Rxd5 Nc6 42. Bd1 Ra8 43. Rd3 Nd4 44. Rg3 Ke7 45. h4 Rdd8 46. Kf2 Rh8 47. Ke3 Rag8 48. h5 1/2-1/2

[Event "Reims ligue excellence"]
[Site "Reims"]
[Date "2003.06.09"]
[Round "5"]
[White "Rapinel, Franck"]
[Black "Laval, Brice"]
[Result "0-1"]
[WhiteElo "2201"]
[BlackElo "2094"]
[PlyCount "66"]
[EventDate "2003.06.??"]
[EventType "swiss"]
[EventRounds "6"]
[EventCountry "FRA"]
[SourceTitle "EXT 2005"]
[Source "ChessBase"]
[SourceDate "2004.11.15"]
[SourceVersion "1"]
[SourceVersionDate "2004.11.15"]
[SourceQuality "1"]

1. e4 g6 2. d4 Bg7 3. c3 d6 4. f4 Nf6 5. Bd3 0-0 6. Nf3 e5 7. fxe5 dxe5 8. 0-0 exd4 9. cxd4 c5 10. dxc5 Qe7 11. Qc2 Nbd7 12. c6 bxc6 13. Qxc6 Qc5+ 14. Qxc5 Nxc5 15. Bc2 Nfxe4 16. Nbd2 Nxd2 17. Bxd2 Bxb2 18. Bb4 Bxa1 19. Rxa1 Ne6 20. Bxf8 Kxf8 21. Rb1 Ba6 22. Be4 Rc8 23. Ne5 Nd4 24. Rb8 Rxb8 25. Nd7+ Ke7 26. Nxb8 Bc4 27. Kf2 Kd6 28. Ke3 Nf5+ 29. Kd2 Ne7 30. Kc3 Bxa2 31. Na6 Bd5 32. Bxd5 Kxd5 33. Kd3 Nc6 0-1

[Event "Reims ligue excellence"]
[Site "Reims"]
[Date "2003.06.08"]
[Round "4"]
[White "Picard, Serge"]
[Black "Rapinel, Franck"]
[Result "1/2-1/2"]
[WhiteElo "1990"]
[BlackElo "2201"]
[PlyCount "39"]
[EventDate "2003.06.??"]
[EventType "swiss"]
[EventRounds "6"]
[EventCountry "FRA"]
[SourceTitle "EXT 2005"]
[Source "ChessBase"]
[SourceDate "2004.11.15"]
[SourceVersion "1"]
[SourceVersionDate "2004.11.15"]
[SourceQuality "1"]

1. e4 c5 2. b4 cxb4 3. a3 d5 4. exd5 Qxd5 5. Bb2 Bf5 6. axb4 Qe4+ 7. Be2 Qxc2 8. Qxc2 Bxc2 9. Bf3 Nc6 10. b5 Nd8 11. Na3 Bd3 12. Ne2 Nf6 13. Bxf6 exf6 14. Nf4 Bxa3 15. Nxd3 Bd6 16. 0-0 0-0 17. Rfe1 a5 18. bxa6 Rxa6 19. Rxa6 bxa6 20. Ra1 1/2-1/2

[Event "FRA-chT2O 0203"]
[Site "France"]
[Date "2002.12.08"]
[Round "4.5"]
[White "Rapinel, Franck"]
[Black "Lohou, Stephane"]
[Result "0-1"]
[WhiteElo "2201"]
[BlackElo "2163"]
[PlyCount "58"]
[EventDate "2002.10.??"]
[EventType "team"]
[EventRounds "11"]
[EventCountry "FRA"]
[SourceTitle "EXT 2004"]
[Source "ChessBase"]
[SourceDate "2003.11.25"]
[SourceVersion "1"]
[SourceVersionDate "2003.11.25"]
[SourceQuality "1"]
[WhiteTeam "Chalons en Champagne"]
[BlackTeam "Vincennes"]
[WhiteTeamCountry "FRA"]
[BlackTeamCountry "FRA"]

1. e4 c5 2. Nf3 e6 3. d3 Nc6 4. g3 g6 5. Bg2 Bg7 6. 0-0 Nge7 7. c3 0-0 8. Be3 d6 9. Qc1 Re8 10. Bh6 Bh8 11. Nbd2 b5 12. a3 Ba6 13. Rd1 Rc8 14. Nf1 Qb6 15. Qf4 Ne5 16. Ne3 Nxf3+ 17. Bxf3 Bb7 18. Re1 Be5 19. Qh4 f5 20. Bg2 Qc7 21. Rad1 d5 22. d4 cxd4 23. cxd4 Bh8 24. e5 Qd7 25. Bf1 a5 26. Bg5 b4 27. Rc1 Bg7 28. Bd3 Nc6 29. Bb5 Qf7 0-1

[Event "Cappelle op 18th"]
[Site "Cappelle la Grande"]
[Date "2002.02.14"]
[Round "6"]
[White "Rapinel, Franck"]
[Black "Sammalvuo, Tapani"]
[Result "0-1"]
[WhiteElo "2199"]
[BlackElo "2433"]
[PlyCount "38"]
[EventDate "2002.02.09"]
[EventType "swiss"]
[EventRounds "9"]
[EventCountry "FRA"]
[SourceTitle "CBM 086 Extra"]
[Source "ChessBase"]
[SourceDate "2002.03.14"]
[SourceVersion "1"]
[SourceVersionDate "2002.03.14"]
[SourceQuality "1"]

1. e4 c5 2. Nf3 d6 3. Bb5+ Bd7 4. Bxd7+ Qxd7 5. 0-0 Nc6 6. Re1 Nf6 7. d4 cxd4 8. Nxd4 g6 9. c4 Bg7 10. f3 0-0 11. Be3 Rfc8 12. Nc3 Nxd4 13. Bxd4 Rxc4 14. Rc1 Qd8 15. Nd5 Rxc1 16. Qxc1 Nxd5 17. Bxg7 Qb6+ 18. Kh1 Nb4 19. Qc3 Nxa2 0-1

[Event "FRA-chT2"]
[Site "France"]
[Date "2001.11.??"]
[Round "2"]
[White "Schlupp, Olivier"]
[Black "Rapinel, Franck"]
[Result "0-1"]
[WhiteElo "2153"]
[BlackElo "2199"]
[PlyCount "108"]
[EventDate "2002.??.??"]
[EventType "team"]
[EventRounds "11"]
[EventCountry "FRA"]
[SourceTitle "EXT 2003"]
[Source "ChessBase"]
[SourceDate "2002.11.25"]
[SourceVersion "1"]
[SourceVersionDate "2002.11.25"]
[SourceQuality "1"]

1. e4 c5 2. Nc3 Nc6 3. g3 g6 4. Bg2 Bg7 5. d3 Rb8 6. Be3 d6 7. Qd2 b5 8. f4 b4 9. Nd1 Bd7 10. Nf3 Nf6 11. h3 Qc8 12. g4 a5 13. 0-0 h5 14. g5 Ng8 15. Kh2 e6 16. d4 cxd4 17. Nxd4 Nge7 18. Nxc6 Qxc6 19. Bd4 e5 20. f5 exd4 21. f6 Bf8 22. fxe7 Bxe7 23. Qxd4 0-0 24. h4 Qc5 25. Qd2 Qe5+ 26. Kh1 Qg3 27. Qf2 Qxf2 28. Rxf2 f6 29. gxf6 Bxf6 30. Rd2 Be5 31. Rf2 Rxf2 32. Nxf2 Bg3 33. Nd3 Bxh4 34. e5 dxe5 35. Nxe5 Bf5 36. Nc6 Rb5 37. c4 bxc3 38. bxc3 Bf6 39. Rc1 Rc5 40. c4 Be6 41. Kh2 a4 42. Nb4 Rxc4 43. Rxc4 Bxc4 44. a3 Bb2 45. Nc2 Bb3 46. Be4 Kg7 47. Kg3 g5 48. Bd3 Kf6 49. Kf3 g4+ 50. Kg3 Kg5 51. Be4 h4+ 52. Kg2 Kf4 53. Bd3 h3+ 54. Kg1 g3 0-1